| 000 | 00741cab a2200265 4500 | ||
|---|---|---|---|
| 001 | ABS60345 | ||
| 008 | 090401t1999 xxu||||| |||| 00| 0 eng d | ||
| 035 | _a(Sirsi) u92550 | ||
| 041 | _aeng | ||
| 245 | _aWarsaw | ||
| 260 | _c1999 | ||
| 350 | _a0 | ||
| 490 |
_aEuroProperty _vApril 1999, 25-31(7) |
||
| 650 | _aEASTERN EUROPE | ||
| 650 | _aOFFICE DEVELOPMENT | ||
| 650 | _aPROPERTY-COMMERCIAL PROPERTY-OFFICE PROPERTY-OFFICE PROPERTY MARKET | ||
| 650 | _aOUT OF TOWN SHOPPING CENTRES | ||
| 650 | _aPOLAND | ||
| 650 | _aRESIDENTIAL INVESTMENT MARKET | ||
| 650 | _aPROPERTY-COMMERCIAL PROPERTY-RETAIL PROPERTY-RETAIL PROPERTY MARKET | ||
| 650 | _aWARSAW | ||
| 690 | _aOVERSEAS-EUROPE | ||
| 942 | _n0 | ||
| 948 | _c06/04/1999 | ||
| 999 |
_c58667 _d58667 |
||